Quiz o Minecraft - Statystyki

Ogólne statystyki
  • Ten quiz został rozwiązany 5 257 razy
  • Średni wynik to 5 z 10
Statystyki odpowiedzi
Zagadnienie Odpowiedź % Poprawnych
Z ilu pikseli jest stworzona powierzchnia bloku? 16x16
88%
Jaka musi być nazwa znacznika żeby odwrócić moba do góry nogami? Dinnerbone
86%
Ile jest kolorów wełen? 16
62%
Ile jest łącznie wszystkich rud w całej grze? 8
60%
Zaatakowałeś delfina. Co zrobi delfin? Również zaatakuje
52%
Które studio wydało Minecraft: Story Mode? Telltate Games
34%
Ile jest rodzai drzew w Minecraft? 6
26%
Czy blok bariery można zdobyć w trybie kreatywnym? Nie
25%
Ile w grze jest dostępnych trybów gry? 5
15%
Osiągnięcie "Kres." można zdobyć poprzez... pokonanie smoka Kresu
11%
Nie znaleziono quizów pasujących do podanych kryteriów
Rozkład punktacji
Procent ludzi z każdym wynikiem
Percentyl według liczby udzielonych odpowiedzi
Twoja historia wyników
Nie rozwiązałeś tego quizu